000 00597nam a2200205Ii 4500
003 JO-AjNU
008 230606s9999||||xx |||||||||||||| ||und||
020 _a81-7835-478-0
040 _aJO-AjNU
_beng
_erda
_cJO-AjNU
041 _aeng
050 1 4 _aHG173 2006
100 3 _aAgarwal,Manu,
_eauthor
_91385
245 0 0 _aSolved Numerical Problems in Financial Management
264 3 1 _aNew Delhi : Kalpaz Publications, 2006
300 _a155p
336 _atext
_btxt
_2rdacontent
337 _aunmediated
_bn
_2rdamedia
338 _avolume
_bnc
_2rdacarrier
650 4 _aFinancial Management
_91386
999 _aE731
_c731
_d731